000 01116cam a2200241 4500
001 X113184
008 000000n2001 000 0 eng u
035 _a(Sirsi) u113184
100 _aBretten, J.
245 _aVariance in commercial property valuations for lending purposes: an empirical study
260 _c2001
490 _aJournal of Property Investment and Finance
_v19(3) 2001, 267-282(16)
520 _aDiscusses the findings of a survey of valuers into the extent and causes of variance in the valuation of property investments for commercial lending purposes within the UK. The main cause of variance was revealed to be individual 'behavioural influences' with the margin of error principle being generally accepted as a test of negligence by those involved in valuations. References, tables.
650 _aCOMMERICAL PROPERTY
650 _aMARGIN OF ERROR
650 _aPROPERTY INVESTMENT VALUATION
650 _aVALUATION ACCURACY
650 _aVALUATION VARIATIONS
650 _aVALUATIONS
690 _aPROPERTY-PROPERTY APPRAISAL AND VALUATION
700 _aWyatt, P.
942 _n0
999 _c67400
_d67400